Normal view
MARC view
- Noureen,Shabana
Entry Personal Name
001 - CONTROL NUMBER
- control field: 5156
003 - CONTROL NUMBER IDENTIFIER
- control field: NUST
005 - DATE AND TIME OF LATEST TRANSACTION
- control field: 20171002170922.0
008 - FIXED-LENGTH DATA ELEMENTS
- fixed length control field: 171002|| aca||aabn | a|a d
040 ## - CATALOGING SOURCE
- Original cataloging agency: NUST
- Transcribing agency: NUST
100 ## - HEADING--PERSONAL NAME
- Personal name: Noureen,Shabana
670 ## - SOURCE DATA FOUND
- Source citation: Work cat.: (NUST): Noureen,Shabana, Explaining trends and factors affecting export diversification in Asean and Saarc regions: an empirical analysis , 2014
